| 000 | 00483nam a2200193 a 4500 | ||
|---|---|---|---|
| 001 | 1768017001810 | ||
| 003 | YourLibrary | ||
| 005 | 20260110115847.0 | ||
| 008 | 260110s2007##################000#0#eng## | ||
| 020 | _a9783039113446 | ||
| 082 | 0 | 4 |
_a302 _bHIL |
| 100 | 1 |
_aHillman, David, _eauthor. |
|
| 245 | 1 | 0 | _aThe Book of Interruptions : |
| 260 |
_bPeter Lang, _c2007. |
||
| 300 | _a158 pages | ||
| 650 | 0 | _aDrama. | |
| 942 | _cENGLISH | ||
| 040 |
_aYourLibrary _beng _cYourLibrary |
||
| 999 |
_c608135 _d608135 |
||